Quizzes
Events
Quiz Creation
Community
Videos
Private Events
Remove Ads
Sign In
Join for FREE
Feedback
Dark Mode
Quiz Categories
Sports
Geography
Music
Movies
Television
Just For Fun
Miscellaneous
History
Literature
Language
Science
Gaming
Entertainment
Religion
Holiday
For Kids
Quiz Lab
Recent
Popular Today
Quiz Kudos Today
Editor Picks
Curator Picks
Quizzes by...
Day
Popularity
Type
Ratings
Length
Year
Community
Subscriptions
Recent Discussions
Orange Saloon
Badges
Playlists
Quests
Create
Leaderboards
Showdown
Live 5
Trivia Bingo
Activity
Puzzle Library
Sporcle Events
Private Events
Virtual Trivia
Globe League
Become a Host
Pub Owners
SporcleCon
Opinionation
Our Games
Videos
Blog
Mobile Apps
Partnerships
Remove Ads and Go Orange
Feedback
Miscellaneous
Crossword
General Knowledge
Baby Names
Logo
Food
Cars
Numbers
Grab Bag
University
College
Popular
Company
Slogans
Restaurants
Justice
Letter
Miscellaneous
Crossword
General Knowledge
Baby Names
Logo
Food
Cars
Numbers
Grab Bag
University
College
Popular
Company
Slogans
Restaurants
Justice
Letter
Random Quiz
Search Sporcle
×
Quiz Lab
Quiz Lab
Miscellaneous
Baby Names
Select answers by clicking on text or image buttons
Select answers by clicking on text or image buttons
Clickable
Best Score? Go Orange.
When Was This Baby Name Popular? Sorting Game Stats
Can you choose the top 10 girl names for each year given?
By
nightfloat
7m
70 Questions
502 Plays
502 Plays
502 Plays
Comments
Comments
Give Quiz Kudos
Give Quiz Kudos
-
- Ratings
hide this ad
More Info
Forced Order
Answers have to be entered in order
Answers have to be entered in order
Replay
Link that replays current quiz
Next Quiz
Link to next quiz in quiz playlist
You Got
0%
They Got
Avg Score
64%
Avg Friend Score
Upgrade to see
Score Distribution
Jump to the score distribution portion of the page
Score
0/70
Timer
07:00
0
Plays Today
% Correct
Ava
90.4%
Olivia
89.2%
Isabella
86.1%
Sophia
85.9%
Harper
83.5%
Mia
83.3%
Mary
81.9%
Jessica
81.3%
Emily
80.1%
Abigail
79.5%
Emma
78.5%
Emily
78.1%
Ashley
77.1%
Mary
75.9%
Mary
75.1%
Elizabeth
72.3%
Charlotte
72.1%
Elizabeth
71.9%
Florence
71.9%
Alexis
71.7%
Barbara
71.5%
Dorothy
71.3%
Jennifer
70.9%
Amy
70.5%
Margaret
70.5%
Ruth
70.3%
Ethel
69.7%
Samantha
69.3%
Mary
68.1%
Margaret
68.1%
Amanda
67.5%
Margaret
66.9%
Hannah
66.5%
Angela
66.3%
Dorothy
65.9%
% Correct
Deborah
65.3%
Taylor
64.7%
Jessica
63.7%
Kimberly
63.1%
Sarah
62.9%
Heather
61.2%
Emma
61.2%
Betty
61%
Anna
61%
Melissa
60.4%
Ruth
60.4%
Helen
60.2%
Lisa
60%
Linda
59.6%
Elizabeth
59.6%
Michelle
59.2%
Helen
57%
Frances
56.4%
Anna
54.8%
Donna
54.2%
Debra
53.6%
Cynthia
51.6%
Rachel
51.4%
Barbara
51.2%
Patricia
50.2%
Karen
50%
Carol
49.6%
Mildred
48.2%
Marie
46.6%
Shirley
46.4%
Virginia
45.8%
Susan
43.4%
Joan
41.6%
Nancy
40.6%
Patricia
40.2%
Quiz Playlist
Details
Report
Send in Message
Add To Playlist
More Info:
For each given year, choose the top 10 baby girl names for that year. Some names were in the top ten for several of the given years.
Clickable:
Select answers by clicking on text or image buttons
Forced Order:
Answers have to be entered in order
Quiz Source
Last Updated: Jun 1, 2017
Quiz Scoreboard
CHALLENGE
Sign Up to Join the Scoreboard
Show All
Scores
Hide
Comments
May contain spoilers
Recently Published
Presidents Visiting Landmarks
by Hejman
History
7m
An Introduction to Baseball
by treessimontrees
Sports
5m
Movies - When Are They Set?
by FPL_Elf
Movies
5m
More to Explore
Quiz From the Vault
Featured Blog Post
Where Did the Easter Bunny Come From?
hide this ad
You Might Also Like...
Tags
Baby Names Quiz
Popular Quiz
1916
1936
1956
1996
2016
First Names
Girl Names
Girls Names
name
US Popular
Today's Top Quizzes in Miscellaneous
Browse Miscellaneous
hide this ad
Today's Top Quizzes in Baby Names
Browse Baby Names
Top Contributed Quizzes in Miscellaneous
1
5-to-1: Fast Food
2
The JOE quick-fire general knowledge quiz: Day 174
3
The JOE quick-fire general knowledge quiz: Day 173
4
The JOE quick-fire general knowledge quiz: Day 172
5
5-to-1: Cocktails
6
Sunday Crossword: Famous Bodies of Water
7
One Thing in Common: United Kingdom II
8
The JOE quick-fire general knowledge quiz: Day 171
9
Named After an Animal - Odd One Out!
10
The JOE quick-fire quiz: Day 170
Explore More
Trending Topics
Crossword
Harry Potter
Disney
NBA
Marvel
Kpop
Anime
WWE
Pokémon
The Office
Country
Song
NFL
Puzzle
Soccer
hide this ad
More By:
nightfloat
Quiz
Plays
Rating
Category
Featured
Created
Flower and Jewelry Names for Ladies
118,261
4.49
Miscellaneous
Aug 21, 2011
French-English Name Dictionary
82,682
3.93
Language
Sep 14, 2012
Irish-English Name Dictionary
81,472
4.60
Language
Sep 16, 2012
Spanish-English Name Dictionary
80,048
4.35
Language
Sep 12, 2012
Lyn Names for Ladies
78,144
4.21
Miscellaneous
Aug 18, 2011
Go to Creator's Profile
Score Distribution
Quiz Creator Spotlight
nightfloat
Follow
Send a Message
Quizzes Created
-
Created Quiz Play Count
-
More By This Creator
Popular Quizzes Today
1
Find the US States - No Outlines Minefield
2
Find the Countries of Europe - No Outlines Minefield
3
The Countries of the World
4
Find the US States
5
Popular People in 1961
6
US States
7
Risky Map Clicking: Biggest States A-Z
8
1-10 Letter E Words III
More Miscellaneous Quizzes
What's the word according to The Trashmen?
Quiz Lab
Trending Quizzes
Risky Map Clicking: Least Populous States A-Z
1-10 Letter G Words
1-10 Letter F Words
One Thing in Common: United Kingdom
Risky Map Clicking: Next State Alphabetically
Recently Updated
Leaping Animals
pecheneg
Reality TV Shows (A-Z)
bhenderson79
Rickey Henderson's Hall of Fame Teammates
pecheneg
Champions League XIs: Arsenal
pecheneg
Quick Pick: Celebrities in WWE's Hall of Fame
aduchscher
A-Z Keypad Blitz II
pecheneg
Multiple Oscar Actors
pecheneg
Mystery Phrase Blitz: Oscar 'Best Actors'
pecheneg
F. Scott Fitzgerald Novels
LTH
Pick 3 Villains
ddd62291
Trending Topics
Kpop
Disney
Anime
Harry Potter
NBA
Marvel
Crossword
Country
Puzzle
The Office
Soccer
NFL
WWE
Song
Pokémon
Your Account Isn't Verified!
In order to create a playlist on Sporcle, you need to verify the email address you used during registration. Go to your
Sporcle Settings
to finish the process.
Report this User
Report this user for behavior that violates our
Community Guidelines
.
Details:
Send Report
Go to the Sporcle.com Mobile Site →
Comments